[Event "Camp. asiatico 2007"]
[Site "Cebu FIL"]
[Date "2007.09.28"]
[Round "10.30"]
[White "Goh, Weiming"]
[Black "Bayarmandakh, Balgan"]
[Result "1-0"]
[WhiteElo "2388"]
[BlackElo "2208"]
[PlyCount "145"]
[EventDate "2007.09.19"]
[Source "www.chesslib.no"]
[SourceDate "2004.05.04"]

1. e4 e5 2. Nc3 Nf6 3. f4 d5 4. fxe5 Nxe4 5. d3 Nxc3 6. bxc3 Nc6 7. Nf3 d4 8. Be2 Bc5 9. O-O dxc3+ 10. Kh1 h6 11. Qe1 Be6 12. Qxc3 Qd5 13. Qe1 Bb6 14. a4 Ba5 15. Qh4 Bc3 16. Rb1 Nxe5 17. Rb5 c5 18. Nxe5 Qxe5 19. Bf3 O-O 20. Bf4 Qd4 21. Bxb7 Rad8 22. Qg3 Kh8 23. Bc7 Qxa4 24. Rxc5 Qb4 25. Rxc3 Qxb7 26. Bxd8 Rxd8 27. Qc7 Qa8 28. Qc6 Qb8 29. Rc5 Qb4 30. c3 Qb2 31. d4 Qa2 32. Qf3 a5 33. Qf2 Qb3 34. Qe1 a4 35. Qa1 a3 36. Rc1 a2 37. h3 Rb8 38. Kh2 Bc4 39. Ra5 Kh7 40. Re1 Qc2 41. Rc1 Qf2 42. Rg1 Rb2 43. Qe1 Qxe1 44. Rxe1 Rb1 45. Rg1 f5 46. g3 g5 47. Kg2 Kg6 48. Kf2 h5 49. Re1 Kf6 50. d5 Bxd5 51. Ra6+ Kf7 52. Ra7+ Kf8 53. Re5 Be6 54. Rxe6 a1=Q 55. Rf6+ Ke8 56. Rxa1 Rxa1 57. Rxf5 h4 58. Rxg5 Rc1 59. Rc5 Ke7 60. gxh4 Kd6 61. Rc8 Ke5 62. Kg3 Rg1+ 63. Kf3 Rf1+ 64. Kg4 Rg1+ 65. Kh5 Rg3 66. Kh6 Rxh3 67. h5 Rg3 68. Kh7 Kf6 69. h6 Kf7 70. c4 Ke7 71. c5 Kd7 72. Rg8 Ra3 73. Rg6 1-0

[Event "Goodricke 11th op"]
[Site "Calcutta"]
[Date "2000.02.10"]
[Round "5"]
[White "Neelakantan, Narayanan"]
[Black "Gokhale, CS."]
[Result "0-1"]
[WhiteElo "2213"]
[BlackElo "2378"]
[PlyCount "55"]
[EventDate "2000.02.05"]
[Source "ChessBase"]
[SourceDate "2000.03.10"]

1. e4 e5 2. Nc3 Nf6 3. f4 d5 4. fxe5 Nxe4 5. d3 Nxc3 6. bxc3 d4 7. Nf3 dxc3 8. d4 Be6 9. Be3 Be7 10. Be2 Nc6 11. O-O Nb4 12. a3 Nd5 13. Bc1 c6 14. Qe1 Qb6 15. Bc4 c5 16. Bg5 cxd4 17. Bxd5 Bxg5 18. Rb1 Be3+ 19. Kh1 Qc5 20. Bxe6 fxe6 21. Rxb7 O-O 22. Qg3 Bh6 23. Rd1 Rad8 24. Qg4 d3 25. Ng5 dxc2 26. Qxe6+ Kh8 27. Nf7+ Rxf7 28. Rxd8+ 0-1

[Event "AUT-chT 0001"]
[Site "Austria"]
[Date "2000.11.19"]
[Round "5.29"]
[White "Winiwarter, Felix"]
[Black "Penz, Harald"]
[Result "0-1"]
[WhiteElo "2188"]
[BlackElo "2403"]
[PlyCount "122"]
[EventDate "2000.10.??"]
[Source "ChessBase"]
[SourceDate "2001.05.06"]

1. e4 e5 2. Nc3 Nf6 3. f4 d5 4. fxe5 Nxe4 5. d3 Nxc3 6. bxc3 f6 7. d4 fxe5 8. Qh5+ g6 9. Qxe5+ Qe7 10. Bf4 c6 11. Bd3 Nd7 12. Qxe7+ Bxe7 13. Nf3 O-O 14. Bh6 Re8 15. O-O Bf8 16. Bg5 Nb6 17. Ne5 Bg7 18. Rae1 Bxe5 19. dxe5 Be6 20. h4 Rf8 21. h5 gxh5 22. Rf6 Rxf6 23. Bxf6 Nd7 24. Bh4 Re8 25. Bg3 Nf8 26. Rf1 Ng6 27. Rf6 Kg7 28. Kf2 h4 29. Bh2 Rf8 30. Rxf8 Nxf8 31. a3 h3 32. gxh3 Bxh3 33. Kg3 Be6 34. Kf4 Ng6+ 35. Kg5 Ne7 36. Bg1 b6 37. Be3 c5 38. Kh5 c4 39. Bh6+ Kg8 40. Be2 Bf5 41. Kg5 Kf7 42. Bh5+ Ke6 43. Bg7 Bxc2 44. Kf4 Ng6+ 45. Bxg6 Bxg6 46. Ke3 Kf5 47. Kd4 Bf7 48. Bh6 Ke6 49. Bf4 h5 50. Ke3 Kf5 51. Bg3 Kg4 52. Bh2 h4 53. Kf2 Be6 54. Bg1 Kf4 55. Bh2+ Ke4 56. Ke2 Bg4+ 57. Kf2 Kd3 58. e6 Bxe6 59. Be5 h3 60. Bb8 a6 61. Ba7 b5 0-1

[Event "RL-NW9697"]
[Site "Bayern"]
[Date "1997.??.??"]
[Round "?"]
[White "Strobel, Walter"]
[Black "Hofstetter, Hans Joachim"]
[Result "1/2-1/2"]
[WhiteElo "2275"]
[BlackElo "2315"]
[PlyCount "107"]
[EventDate "1996.10.??"]
[Source "www.chesslib.no"]
[SourceDate "2004.05.04"]

1. e4 e5 2. Nc3 Nf6 3. f4 d5 4. fxe5 Nxe4 5. d3 Nxc3 6. bxc3 d4 7. Nf3 Nc6 8. cxd4 Bb4+ 9. Bd2 Bxd2+ 10. Qxd2 Nxd4 11. Qf2 c5 12. c3 Qa5 13. Rc1 Nc6 14. Be2 O-O 15. O-O Bg4 16. Ng5 Nxe5 17. Bxg4 Nxg4 18. Qh4 Nh6 19. Qe4 g6 20. Qxb7 Qxa2 21. Ra1 Qd2 22. Nxf7 Nxf7 23. Rxf7 Rxf7 24. Qxa8+ Kg7 25. h3 c4 26. dxc4 Qxc3 27. Rd1 Qxc4 28. Qe8 Qc5+ 29. Kh1 a5 30. Rd7 Qc1+ 31. Kh2 Qf4+ 32. Kh1 Rxd7 33. Qxd7+ Kh6 34. Qe7 a4 35. Qc5 Qe4 36. Qf8+ Kg5 37. Qd8+ Kf5 38. Qa5+ Ke6 39. Qb6+ Kd7 40. Qa7+ Kd6 41. Qb6+ Qc6 42. Qd4+ Ke6 43. Qe3+ Kd5 44. Qd3+ Kc5 45. Qc3+ Kb6 46. Qd4+ Ka6 47. Qd3+ Qb5 48. Qd6+ Ka5 49. Qd2+ Qb4 50. Qd5+ Kb6 51. Qe6+ Kb5 52. Qe5+ Kc4 53. Qe4+ Kc3 54. Qe1+ 1/2-1/2

[Event "FS IM Nov, Budapest HUN"]
[Site "Budapest"]
[Date "1996.??.??"]
[Round "?"]
[White "Veltkamp, G."]
[Black "Hedke, F."]
[Result "1/2-1/2"]
[WhiteElo "2205"]
[BlackElo "2380"]
[PlyCount "120"]
[EventDate "1996.??.??"]
[Source "www.chesslib.no"]
[SourceDate "2004.05.04"]

1. e4 e5 2. Nc3 Nf6 3. f4 d5 4. fxe5 Nxe4 5. d3 Nxc3 6. bxc3 d4 7. Nf3 c5 8. Be2 Be7 9. O-O O-O 10. Qe1 Nc6 11. Qg3 Kh8 12. Ng5 Bxg5 13. Bxg5 Qd5 14. Bf3 Qxe5 15. Bf4 Qe6 16. Rae1 Qg6 17. Qh4 dxc3 18. Be4 f5 19. Bxc6 bxc6 20. Re7 Be6 21. Rf3 Rae8 22. Be5 Rxe7 23. Qxe7 Qf7 24. Qxc5 Rg8 25. Qe3 Bd5 26. Rh3 Qg6 27. Rg3 Qh5 28. h3 Qf7 29. Qh6 f4 30. Rg4 f3 31. Rf4 f2+ 32. Kxf2 Qe7 33. Rh4 Qf7+ 34. Kg1 Qf5 35. Bxc3 Bxa2 36. Qe3 a5 37. Rg4 Qf7 38. Qe5 Bd5 39. Kh2 h6 40. Qe3 Kh7 41. Qe5 a4 42. Bb2 Qf6 43. Qxd5 Qxb2 44. Qe4+ g6 45. Qxa4 Qe5+ 46. Qf4 Qe6 47. Qd4 Rf8 48. Re4 Qf6 49. Qe3 Qd6+ 50. Kg1 Rf7 51. Re5 Kg7 52. Qe4 Rf6 53. d4 g5 54. c3 Kg8 55. Re8+ Kg7 56. Re7+ Kf8 57. Ra7 Qe6 58. Qh7 Qe3+ 59. Kh2 Qf4+ 60. Kg1 Qf2+ 1/2-1/2

[Event "DDR Ch 25th"]
[Site "Groeditz"]
[Date "1976.??.??"]
[Round "8"]
[White "Babrikowski, Peter"]
[Black "Walter, Guenter 1"]
[Result "1-0"]
[WhiteElo "2285"]
[BlackElo "2300"]
[PlyCount "41"]
[EventDate "1976.02.12"]
[Source "www.chesslib.no"]
[SourceDate "2004.05.04"]

1. e4 e5 2. Nc3 Nf6 3. f4 d5 4. fxe5 Nxe4 5. d3 Bb4 6. dxe4 Qh4+ 7. Ke2 Bxc3 8. bxc3 Bg4+ 9. Nf3 dxe4 10. Qd4 Bh5 11. Kd2 Bxf3 12. gxf3 Nc6 13. Qxe4 Qf2+ 14. Kd1 O-O-O+ 15. Bd3 Nxe5 16. Rb1 Nxd3 17. Qxb7+ Kd7 18. cxd3 Rhe8 19. Rb2 Qh4 20. Qb5+ Kc8 21. Bg5 1-0

[Event "CSR Team Ch 9091"]
[Site "Czekhoslovakia"]
[Date "1990.12.08"]
[Round "3.3"]
[White "Polasek, Jaroslav"]
[Black "Krcmar, Zdenek"]
[Result "1/2-1/2"]
[WhiteElo "2355"]
[BlackElo "2230"]
[PlyCount "60"]
[EventDate "1990.??.??"]
[Source "www.chesslib.no"]
[SourceDate "2004.05.04"]

1. e4 e5 2. Nc3 Nf6 3. f4 d5 4. fxe5 Nxe4 5. d3 Nxc3 6. bxc3 Nc6 7. Nf3 d4 8. Be2 Bc5 9. O-O dxc3+ 10. Kh1 O-O 11. Qe1 Nd4 12. Bd1 b6 13. Bg5 Nxf3 14. Bxf3 Qxg5 15. Bxa8 Bd4 16. Bd5 Bd7 17. e6 Qxd5 18. exd7 Qxd7 19. Qg3 f6 20. Rae1 Be5 21. Qh4 Qd5 22. Qa4 a5 23. Re4 Rd8 24. Rfe1 Qd7 25. Qc4+ Qf7 26. Qc6 Qd5 27. Qa4 Qd7 28. Qc4+ Qf7 29. Qc6 Qd7 30. Qc4+ Qf7 1/2-1/2

[Event "Chigorin mem"]
[Site "St Petersburg"]
[Date "1999.11.10"]
[Round "9"]
[White "Arykin, Aleksey"]
[Black "Kyprijanov, Ilija"]
[Result "1-0"]
[WhiteElo "2262"]
[BlackElo "2322"]
[PlyCount "69"]
[EventDate "1999.11.02"]
[Source "ChessBase"]
[SourceDate "2000.02.01"]

1. e4 e5 2. Nc3 Nf6 3. f4 d5 4. fxe5 Nxe4 5. d3 Nxc3 6. bxc3 Nc6 7. Nf3 d4 8. cxd4 Bb4+ 9. Bd2 Bxd2+ 10. Qxd2 Nxd4 11. c3 Nxf3+ 12. gxf3 Qh4+ 13. Qf2 Qf4 14. Qg3 Qe3+ 15. Be2 Bf5 16. f4 Qb6 17. O-O-O O-O-O 18. Rd2 Qc6 19. Rhd1 Qxc3+ 20. Rc2 Qa1+ 21. Kd2 Qd4 22. Ke1 g6 23. Rc4 Qb6 24. Rdc1 Rd7 25. a3 Rhd8 26. Rb4 Qa5 27. Qf3 c6 28. d4 Rxd4 29. Rxc6+ Kd7 30. Rcc4 Rxc4 31. Bxc4 Ke8 32. Qxb7 Rd7 33. Bb5 Qxa3 34. Bxd7+ Bxd7 35. Qb8+ 1-0

[Event "SVK-chT1E 0001"]
[Site "?"]
[Date "2000.??.??"]
[Round "2"]
[White "Klemanic Emil"]
[Black "Kantorik Marian"]
[Result "0-1"]
[WhiteElo "2280"]
[BlackElo "2303"]
[PlyCount "70"]
[EventDate "2000.??.??"]
[Source "www.chesslib.no"]
[SourceDate "2004.05.04"]

1. e4 e5 2. Nc3 Nf6 3. f4 d5 4. fxe5 Nxe4 5. d3 Nxc3 6. bxc3 Be7 7. Nf3 O-O 8. Be2 c5 9. O-O Nc6 10. d4 Bg4 11. Be3 Qa5 12. Qd3 Rac8 13. Bd2 Bh5 14. c4 Qd8 15. cxd5 Qxd5 16. c4 Qd8 17. d5 Bxf3 18. Qxf3 Nxe5 19. Qf5 Bd6 20. Rab1 Rc7 21. Rb3 g6 22. Qf2 f5 23. h3 Nf7 24. Rfb1 b6 25. a4 Be5 26. Kh1 Nd6 27. a5 Ne4 28. Qe1 Re8 29. axb6 axb6 30. Re3 Bd4 31. Rxb6 Bxe3 32. Bxe3 Rce7 33. Rb2 Qd6 34. Bf2 Qf4 35. Bf1 Ng3+ 0-1

[Event "Zadar op"]
[Site "Zadar"]
[Date "1996.??.??"]
[Round "?"]
[White "Zelic, Mladen"]
[Black "Bubicic, Josip"]
[Result "1-0"]
[WhiteElo "2345"]
[BlackElo "2230"]
[PlyCount "58"]
[EventDate "1996.??.??"]
[Source "www.chesslib.no"]
[SourceDate "2004.05.04"]

1. e4 Nf6 2. Nc3 e5 3. f4 d5 4. fxe5 Nxe4 5. d3 Nxc3 6. bxc3 d4 7. Nf3 Nc6 8. cxd4 Nxd4 9. c3 Nxf3+ 10. Qxf3 Qh4+ 11. g3 Qg4 12. Bg2 Qxf3 13. Bxf3 Be7 14. O-O c6 15. Rb1 O-O 16. Re1 Re8 17. d4 a5 18. Be3 Rd8 19. Re2 f6 20. e6 Kf8 21. Bf4 Bd6 22. c4 Ke7 23. Bxd6+ Rxd6 24. d5 c5 25. Reb2 Raa6 26. Rxb7+ Bxb7 27. Rxb7+ Kf8 28. Rf7+ Ke8 29. Rxg7 Rab6 1-0